Exploring Chemical Analysis (Record no. 560045)
[ view plain ]
| 000 -LEADER | |
|---|---|
| fixed length control field | 00312nam a2200121Ia 4500 |
| 008 - FIXED-LENGTH DATA ELEMENTS--GENERAL INFORMATION | |
| fixed length control field | 210428s9999 xx 000 0 und d |
| 082 ## - DEWEY DECIMAL CLASSIFICATION NUMBER | |
| Classification number | 543 H254 E |
| 100 ## - MAIN ENTRY--PERSONAL NAME | |
| Personal name | Daniel C.Harris |
| 9 (RLIN) | 52173 |
| 245 #0 - TITLE STATEMENT | |
| Title | Exploring Chemical Analysis |
| 260 ## - PUBLICATION, DISTRIBUTION, ETC. | |
| Name of publisher, distributor, etc. | W.H.Freeman Company |
| Place of publication, distribution, etc. | New york |
| Date of publication, distribution, etc. | 2001 |
| 300 ## - PHYSICAL DESCRIPTION | |
| Extent | 607p |
| 942 ## - ADDED ENTRY ELEMENTS (KOHA) | |
| Koha item type | Book |
| Withdrawn status | Lost status | Damaged status | Not for loan | Permanent Location | Current Location | Date acquired | Total Checkouts | Full call number | Barcode | Date last seen | Price effective from | Koha item type |
|---|---|---|---|---|---|---|---|---|---|---|---|---|
| School of Chemical & Materials Engineering (SCME) | School of Chemical & Materials Engineering (SCME) | 543 H254 E | SCME-210 | 04/28/2021 | 04/28/2021 | Book |
